Neočekávaně silný ekonomický růst podpořený makroekonomickou rovnováhou

Po dvojročnej recesii v rokoch 2012 a 2013 Česká rerublika zaznamenala oživenie ekonomického rastu. Pozitívnym trendom bolo postupné znižovanie vládneho dlhu a zavádzanie elektronickej evidencie tržieb. Identifikácia príčin finančej a hospodárskej krízy a ich dopad vo svete. Príležitosti pre budúci...

Ausführliche Beschreibung

Gespeichert in:
Bibliographische Detailangaben
1. Verfasser: Czesaný, Slavoj
Format: Buchkapitel
Sprache:Tschechisch
Schlagworte:
Tags: Tag hinzufügen
Keine Tags, Fügen Sie das erste Tag hinzu!

MARC

LEADER 00000naa a2200000 4500
001 0239841
005 20221104110524.4
041 0 |a cze 
044 |a CZ 
245 1 0 |a Neočekávaně silný ekonomický růst podpořený makroekonomickou rovnováhou  |c Slavoj Czesaný 
520 |a Po dvojročnej recesii v rokoch 2012 a 2013 Česká rerublika zaznamenala oživenie ekonomického rastu. Pozitívnym trendom bolo postupné znižovanie vládneho dlhu a zavádzanie elektronickej evidencie tržieb. Identifikácia príčin finančej a hospodárskej krízy a ich dopad vo svete. Príležitosti pre budúci ekonomický rozvoj. 
610 2 0 |a Česko 
610 2 0 |a hospodárstvo národné 
610 2 0 |a rast hospodársky 
610 2 0 |a rovnováha finančná 
610 2 0 |a kríza finančná 
610 2 0 |a rozvoj hospodársky 
610 2 0 |a makroekonomika 
100 1 |a Czesaný, Slavoj